<?xml version="1.0" encoding="UTF-8"?>
<record
    xmlns:xsi="http://www.w3.org/2001/XMLSchema-instance"
    xsi:schemaLocation="http://www.loc.gov/MARC21/slim http://www.loc.gov/standards/marcxml/schema/MARC21slim.xsd"
    xmlns="http://www.loc.gov/MARC21/slim">

  <leader>03789nam a2200361 a 4500</leader>
  <controlfield tag="001">000048069</controlfield>
  <controlfield tag="003">DO-SdBNP</controlfield>
  <controlfield tag="005">20250715092608.0</controlfield>
  <controlfield tag="007">ta</controlfield>
  <controlfield tag="008">181112s2018    dr ac         000 0 spa d</controlfield>
  <datafield tag="020" ind1=" " ind2=" ">
    <subfield code="a">9789945168693</subfield>
  </datafield>
  <datafield tag="040" ind1=" " ind2=" ">
    <subfield code="a">DO-SdBNP</subfield>
    <subfield code="b">spa</subfield>
    <subfield code="c">BNPHU</subfield>
    <subfield code="e">rda</subfield>
  </datafield>
  <datafield tag="041" ind1=" " ind2=" ">
    <subfield code="a">spa</subfield>
  </datafield>
  <datafield tag="082" ind1=" " ind2="4">
    <subfield code="a">xxxx</subfield>
    <subfield code="b">S474m, 2018</subfield>
    <subfield code="2">22</subfield>
  </datafield>
  <datafield tag="100" ind1="1" ind2=" ">
    <subfield code="a">Senci&#xF3;n Silverio, Lorenzo,</subfield>
    <subfield code="d">1935-</subfield>
    <subfield code="e">autor</subfield>
    <subfield code="4">aut.</subfield>
    <subfield code="9">75574</subfield>
  </datafield>
  <datafield tag="245" ind1="1" ind2="4">
    <subfield code="a">Las mentiras de la sangre /</subfield>
    <subfield code="c">Lorenzo Senci&#xF3;n Silverio ; cuidado de edici&#xF3;n y diagramaci&#xF3;n, Juan Francisco Dom&#xED;nguez Novas.</subfield>
  </datafield>
  <datafield tag="250" ind1=" " ind2=" ">
    <subfield code="a">Segunda edici&#xF3;n</subfield>
  </datafield>
  <datafield tag="264" ind1=" " ind2="4">
    <subfield code="a">Santo Domingo :</subfield>
    <subfield code="b">Archivo General de la Naci&#xF3;n,</subfield>
    <subfield code="c">&#xA9;2018.</subfield>
  </datafield>
  <datafield tag="300" ind1=" " ind2=" ">
    <subfield code="a">298 p&#xE1;ginas :</subfield>
    <subfield code="b">ilustraciones, retratos ;</subfield>
    <subfield code="c">23 cm.</subfield>
  </datafield>
  <datafield tag="336" ind1=" " ind2=" ">
    <subfield code="a">texto</subfield>
    <subfield code="b">txt</subfield>
    <subfield code="2">rdacontent</subfield>
  </datafield>
  <datafield tag="337" ind1=" " ind2=" ">
    <subfield code="a">sin mediaci&#xF3;n</subfield>
    <subfield code="b">n</subfield>
    <subfield code="2">rdamedia</subfield>
  </datafield>
  <datafield tag="338" ind1=" " ind2=" ">
    <subfield code="a">volumen</subfield>
    <subfield code="b">nc</subfield>
    <subfield code="2">rdacarrier</subfield>
  </datafield>
  <datafield tag="490" ind1=" " ind2=" ">
    <subfield code="a">Archivo General de la Naci&#xF3;n</subfield>
    <subfield code="v">205</subfield>
  </datafield>
  <datafield tag="500" ind1=" " ind2=" ">
    <subfield code="a">Incluye referencias bibliogr&#xE1;ficas y notas al pie de las p&#xE1;ginas.</subfield>
  </datafield>
  <datafield tag="500" ind1=" " ind2=" ">
    <subfield code="a">Incluye datos biogr&#xE1;ficos del autor en las solapas.</subfield>
  </datafield>
  <datafield tag="504" ind1=" " ind2=" ">
    <subfield code="a">Bibliograf&#xED;a : p. 241-242</subfield>
  </datafield>
  <datafield tag="505" ind1="0" ind2=" ">
    <subfield code="a">Presentaci&#xF3;n /</subfield>
    <subfield code="r">Roberto Cass&#xE1;--</subfield>
    <subfield code="t">Pr&#xF3;logo /</subfield>
    <subfield code="r">Arlette Fern&#xE1;ndez --</subfield>
    <subfield code="t">Yo, Lorenzo Senci&#xF3;n Silverio (rese&#xF1;a autobiogr&#xE1;fica) --</subfield>
    <subfield code="t">De la vida rural y pueblerina a la militar --</subfield>
    <subfield code="t">Ingreso a la Academia Militar de la Aviaci&#xF3;n Dominicana --</subfield>
    <subfield code="t">El transito forzado por el inacabado hospital Dr. Dar&#xED;o Contreras --</subfield>
    <subfield code="t">El oficial --</subfield>
    <subfield code="t">En el Ej&#xE9;rcito Nacional --</subfield>
    <subfield code="t">En el golpe de Estado del General Rodr&#xED;guez Echavarr&#xED;a; reingresos y cancelaci&#xF3;n de las Fuerzas Armadas --</subfield>
    <subfield code="t">En el movimiento constitucionalista, la Revoluci&#xF3;n de Abril de 1965 y el asalto al Hotel Matum --</subfield>
    <subfield code="t">Persecuci&#xF3;n, exilio, regreso a la vida civil y reintegraci&#xF3;n en condici&#xF3;n de retiro --</subfield>
    <subfield code="t">Mi testimonio de 1998 --</subfield>
    <subfield code="t">Breve introducci&#xF3;n --</subfield>
    <subfield code="t">El testimonio --</subfield>
    <subfield code="t">Dos testimonios de cr&#xE9;dito indiscutible --</subfield>
    <subfield code="t">Testimonio del mayor (R) ERD Manuel Valenzuela Cabral --</subfield>
    <subfield code="t">Testimonio del doctor Abelardo Herrera Pi&#xF1;a --</subfield>
    <subfield code="t">Tres premisas que ameritan ser conocidas --</subfield>
    <subfield code="t">Mi relaci&#xF3;n personal y militar con el teniente Jean Awad Cana&#xE1;n --</subfield>
    <subfield code="t">Jean Awad Cana&#xE1;n buscaba peloteros --</subfield>
    <subfield code="t">Jean Awad Cana&#xE1;n: diestro pero temerario conductor --</subfield>
    <subfield code="t">El infortunado viaje de Jean Awad Cana&#xE1;n a San Juan De la Maguana --</subfield>
    <subfield code="t">La muerte de Jean Awad Cana&#xE1;n: un motivo para dos libros --</subfield>
    <subfield code="t">An&#xE1;lisis de los testimonios presentes en la Verdad de la Sangre --</subfield>
    <subfield code="t">Breve introducci&#xF3;n --</subfield>
    <subfield code="t">Sobre testimonio del chofer Inocencio Montero Ram&#xED;rez --</subfield>
    <subfield code="t">Sobre los testimonios de Bella Herminia Santil, Lillian Rodr&#xED;guez y un ex oficial militar de la &#xE9;poca --</subfield>
    <subfield code="t">Sobre testimonio de Bella Herminia Santil --</subfield>
    <subfield code="t">Sobre el testimonio de Lillian Rodr&#xED;guez Marcano --</subfield>
    <subfield code="t">Sobre el testimonio de un ex oficial militar de la &#xE9;poca --</subfield>
    <subfield code="t">Acerca de las declaraciones del Doctor Felipe Herrera --</subfield>
    <subfield code="t">Breve introducci&#xF3;n --</subfield>
    <subfield code="t">Testimonio del doctor Felipe Herrera (extractos y consideraciones) .</subfield>
  </datafield>
  <datafield tag="505" ind1="0" ind2=" ">
    <subfield code="a">Entrevista al doctor Felipe Herrera (extractos y consideraciones)--</subfield>
    <subfield code="t">An&#xE1;lisis comparativo de las dos entrevistas ofrecidas por el doctor Felipe Herrera (con acotaciones testimoniales de la doctora Lillian G&#xF3;mez y del doctor Radham&#xE9;s Cabrera Felipe) --</subfield>
    <subfield code="t">&#xBF;Por qu&#xE9; el KM. 22.5 y no el 21? --</subfield>
    <subfield code="t">An&#xE1;lisis hist&#xF3;rico-cartogr&#xE1;fico del lugar del accidente --</subfield>
    <subfield code="t">El mito que no pudo ahogar a la verdad --</subfield>
    <subfield code="t">La aventurada interpretaci&#xF3;n de dos cr&#xF3;nicas period&#xED;sticas --</subfield>
    <subfield code="t">Una inaceptable y desconsiderada conmiseraci&#xF3;n --</subfield>
    <subfield code="t">Consideraciones finales y conclusiones --</subfield>
    <subfield code="t">Aspectos generales --</subfield>
    <subfield code="t">Conclusiones puntuales --</subfield>
    <subfield code="t">Aclaraci&#xF3;n final --</subfield>
    <subfield code="t">Anexos --</subfield>
    <subfield code="t">&#xCD;ndice onom&#xE1;stico.</subfield>
  </datafield>
  <datafield tag="586" ind1=" " ind2=" ">
    <subfield code="a">Premio Anual de Historia Jos&#xE9; Gabriel Garc&#xED;a Menci&#xF3;n Testimonio.</subfield>
  </datafield>
  <datafield tag="590" ind1=" " ind2=" ">
    <subfield code="a">Inventariado, 2018/LP</subfield>
  </datafield>
  <datafield tag="700" ind1="1" ind2=" ">
    <subfield code="a">Dom&#xED;nguez Novas, Juan Francisco,</subfield>
    <subfield code="e">editor</subfield>
    <subfield code="4">ed.</subfield>
    <subfield code="9">73382</subfield>
  </datafield>
  <datafield tag="942" ind1=" " ind2=" ">
    <subfield code="2">ddc</subfield>
    <subfield code="c">LBS1</subfield>
  </datafield>
  <datafield tag="952" ind1=" " ind2=" ">
    <subfield code="0">0</subfield>
    <subfield code="1">0</subfield>
    <subfield code="2">ddc</subfield>
    <subfield code="5">6</subfield>
    <subfield code="7">0</subfield>
    <subfield code="8">DS</subfield>
    <subfield code="a">BNPHU</subfield>
    <subfield code="b">BNPHU</subfield>
    <subfield code="c">CT</subfield>
    <subfield code="d">2018-11-15</subfield>
    <subfield code="e">Dep&#xF3;sito Legal</subfield>
    <subfield code="l">0</subfield>
    <subfield code="o">BNPHU DS S474m, 2018</subfield>
    <subfield code="p">48069-30</subfield>
    <subfield code="r">2020-06-25</subfield>
    <subfield code="t">e. 3</subfield>
    <subfield code="w">2020-06-25</subfield>
    <subfield code="y">LBS1</subfield>
    <subfield code="Z">Pr&#xE9;stamo en sala</subfield>
  </datafield>
  <datafield tag="952" ind1=" " ind2=" ">
    <subfield code="0">0</subfield>
    <subfield code="1">0</subfield>
    <subfield code="2">ddc</subfield>
    <subfield code="5">6</subfield>
    <subfield code="7">0</subfield>
    <subfield code="8">DS</subfield>
    <subfield code="a">BNPHU</subfield>
    <subfield code="b">BNPHU</subfield>
    <subfield code="c">CT</subfield>
    <subfield code="d">2018-11-15</subfield>
    <subfield code="e">Donaci&#xF3;n</subfield>
    <subfield code="l">0</subfield>
    <subfield code="o">BNPHU DS  S474m, 2018</subfield>
    <subfield code="p">48069-40</subfield>
    <subfield code="r">2020-06-25</subfield>
    <subfield code="t">e. 4</subfield>
    <subfield code="w">2020-06-25</subfield>
    <subfield code="y">LBS1</subfield>
    <subfield code="z">Perteneci&#xF3; a la biblioteca personal de M&#xF3;nica Despradel.</subfield>
    <subfield code="Z">Pr&#xE9;stamo en sala</subfield>
  </datafield>
  <datafield tag="952" ind1=" " ind2=" ">
    <subfield code="0">0</subfield>
    <subfield code="1">0</subfield>
    <subfield code="2">ddc</subfield>
    <subfield code="5">6</subfield>
    <subfield code="7">0</subfield>
    <subfield code="8">DS</subfield>
    <subfield code="a">BNPHU</subfield>
    <subfield code="b">BNPHU</subfield>
    <subfield code="c">MI</subfield>
    <subfield code="d">2018-11-15</subfield>
    <subfield code="l">0</subfield>
    <subfield code="o">BNPHU DS S474m, 2018</subfield>
    <subfield code="p">48069-50</subfield>
    <subfield code="r">2020-06-25</subfield>
    <subfield code="t">e. 5</subfield>
    <subfield code="w">2020-06-25</subfield>
    <subfield code="y">LBS1</subfield>
    <subfield code="Z">Pr&#xE9;stamo en sala</subfield>
  </datafield>
  <datafield tag="952" ind1=" " ind2=" ">
    <subfield code="0">0</subfield>
    <subfield code="1">0</subfield>
    <subfield code="2">ddc</subfield>
    <subfield code="5">1</subfield>
    <subfield code="7">0</subfield>
    <subfield code="8">PD</subfield>
    <subfield code="a">BNPHU</subfield>
    <subfield code="b">BNPHU</subfield>
    <subfield code="c">CT</subfield>
    <subfield code="d">2018-11-12</subfield>
    <subfield code="e">Dep&#xF3;sito Legal</subfield>
    <subfield code="l">0</subfield>
    <subfield code="o">BNPHU PD S474m, 2018</subfield>
    <subfield code="p">48069-10</subfield>
    <subfield code="r">2020-06-25</subfield>
    <subfield code="w">2020-06-25</subfield>
    <subfield code="y">LBS1</subfield>
    <subfield code="Z">No se presta</subfield>
  </datafield>
  <datafield tag="952" ind1=" " ind2=" ">
    <subfield code="0">0</subfield>
    <subfield code="1">0</subfield>
    <subfield code="2">ddc</subfield>
    <subfield code="5">1</subfield>
    <subfield code="7">0</subfield>
    <subfield code="8">PD</subfield>
    <subfield code="a">BNPHU</subfield>
    <subfield code="b">BNPHU</subfield>
    <subfield code="c">CT</subfield>
    <subfield code="d">2018-11-12</subfield>
    <subfield code="e">Dep&#xF3;sito Legal</subfield>
    <subfield code="l">0</subfield>
    <subfield code="o">BNPHU PD S474m, 2018</subfield>
    <subfield code="p">48069-20</subfield>
    <subfield code="r">2020-06-25</subfield>
    <subfield code="t">e. 2</subfield>
    <subfield code="w">2020-06-25</subfield>
    <subfield code="y">LBS1</subfield>
    <subfield code="Z">No se presta</subfield>
  </datafield>
  <datafield tag="999" ind1=" " ind2=" ">
    <subfield code="c">47557</subfield>
    <subfield code="d">47557</subfield>
  </datafield>
</record>
